000 00697nam a2200289Ia 4500
005 20260324134717.0
008 008 260324s9999 xx 000 0 eng d
020 _a9780429245817
037 _aEBOOK
040 _aCRL
040 _beng
040 _cCRL
041 _2eng
041 _aeng
084 _qCRL
100 _aArpad Gaal
_91197853
245 0 _aIso 9001
245 0 _b2000 for Small Business: Implementing Process-Approach Quality Management
260 _bTaylor and Francis
260 _c2001
365 _a
365 _b265
856 _uhttp://www.taylorfrancis.com/books/9780429245817
942 _cEBOOK
999 _c1798213
_d1798213